| 000 | 01434agaaa2200337 4500 | ||
|---|---|---|---|
| 001 | 3569 | ||
| 003 | IT-RoPAU | ||
| 005 | 20220918181232.0 | ||
| 007 | d cvaizq | ||
| 008 | 50131s9999||||xx ||| | || ||und|| | ||
| 040 |
_aIT-RoPAU _cIT-RoPAU |
||
| 041 | _aITALIANO | ||
| 100 |
_aJordan Neil _gCodice regista SPICS: 10265 _941357 |
||
| 130 |
_aINTERVISTA COL VAMPIRO _941358 |
||
| 240 |
_aINTERVIEW WITH THE VAMPIRE _gT2933 |
||
| 245 |
_aINTERVISTA COL VAMPIRO _cSceneggiatura: Rice Anne -- Diretto da: Jordan Neil _pINTERVISTA COL VAMPIRO (Rif. Codice opera principale : D3569) |
||
| 246 | _aINTERVIEW WITH THE VAMPIRE | ||
| 250 | _aEdizione Standard | ||
| 260 |
_a(USA) _bWARNER BROS / _g"1994 (1° ed.: 1994 ; Ed. Lingua Orig.: 1994)" |
||
| 300 |
_aVHS _bsonoro, col. _c122 minuti |
||
| 508 | _a"Fotografia: Rousselot Philippe; Montaggio: Audsley Mick; Musica: Goldenthal Elliot; Sceneggiatura: Rice Anne; Scenografia: Ferretti Dante; " | ||
| 511 | _a"Pitt Brad; Slater Christian; Cruise Tom; Dunst Kirsten; Rea Stephen" | ||
| 520 | _aVAMPIRI. | ||
| 538 | _aPAL, STEREO | ||
| 546 | _aITALIANO | ||
| 650 |
_aDRAMMATICO _eFILMS [VHS] _xCodice MATERIA SPICS: 9960 _934083 |
||
| 700 |
_aGoldenthal Elliot _e(musica) _gCodice Musica SPICS: 43101 _941359 |
||
| 700 |
_aJordan Neil _e(regista) _gCodice regista SPICS: 10265 _941360 |
||
| 700 |
_aRice Anne _e(soggetto) _gCodice Soggetto SPICS: 44717 _941361 |
||
| 942 |
_cVH _2ddc |
||
| 999 |
_c105430 _d105430 |
||